A gyógyszeripar marketingkommunikációs eszközei egy gyógyszeripari vállalat szemszögéből

Bibliográfiai részletek
Szerző: Jász Anna Nóra
További közreműködők: Sarkadi Katalin
Dokumentumtípus: Diplomadolgozat
Kulcsszavak:gyógyszergyár(ak)
gyógyszeripar
gyógyszermarketing
marketing
reklámetika
Online Access:http://dolgozattar.uni-bge.hu/59542

MARC

LEADER 00000nta a2200000 i 4500
001 dolg59542
005 20260409145215.0
008 260409suuuu hu om 000 hun d
040 |a BGE Dolgozattár Repozitórium  |b hun 
041 |a hu 
100 1 |a Jász Anna Nóra 
245 1 2 |a A gyógyszeripar marketingkommunikációs eszközei egy gyógyszeripari vállalat szemszögéből  |c Jász Anna Nóra  |h [elektronikus dokumentum] 
520 3 |a A szakdolgozat bemutatja a gyógyszeripari marketing sajátosságait, az alkalmazott eszközöket, valamint az etikai és jogi kereteket, melyek szabályozzák az ipar marketingkommunikációját. A dolgozat a Richter Gedeon gyógyszercég marketingkommunikációs stratégiáit vizsgálja, különös tekintettel a piaci pozíció erősítésére és a fogyasztói döntések befolyásolására. Kvantitatív kutatás keretében kérdőíves felmérést végeztem, amely a fogyasztók reklámokra adott reakcióit elemzi. A cél a hatékonyság, transzparencia és betegedukáció fejlesztési lehetőségeinek feltárása. 
695 |a gyógyszergyár(ak) 
695 |a gyógyszeripar 
695 |a gyógyszermarketing 
695 |a marketing 
695 |a reklámetika 
700 1 |a Sarkadi Katalin  |e ths 
856 4 0 |u http://dolgozattar.uni-bge.hu/59542/1/Szakdolgozat-%20J%C3%A1sz_Anna_N%C3%B3ra.pdf  |z Dokumentum-elérés 
856 4 0 |u http://dolgozattar.uni-bge.hu/59542/2/BA%20KM%20magyar%20bi%CC%81ra%CC%81lati%20lap%20BELSO%CC%8B_Ja%CC%81sz_Anna_SarkadiKatalin_2025_05_26.pdf  |z Dokumentum-elérés 
856 4 0 |u http://dolgozattar.uni-bge.hu/59542/3/BA_KM_magyar_J%C3%A1sz_Anna_N%C3%B3ra.pdf  |z Dokumentum-elérés